000 02473nam a22003017a 4500
003 OSt
005 20210218111548.0
008 210218s1951 mx |||fr|||| 001 0 spa d
040 _aCO-JMCR
_cCO-JMCR
041 1 _aspa
_heng
082 0 4 _a304.6 /
_bM261e
_223
100 1 _aMalthus, Thomas Robert,
_eautor
_94626
245 1 0 _aEnsayo sobre el principio de la población /
_cThomas R. Malthus ; traducción de Teodoro Ortíz.
250 _aPrimera edición
260 _aMéxico :
_bFondo de Cultura Económica,
_c1951
300 _axli, 619 páginas ;
_c21 cm.
490 _aSección de obras de economía. Las obras maestras de la economía
500 _aIncluye índice analítico y notas a pie de página.
504 _aBibliografía: página xxxv
505 0 _aSobre las limitaciones del desarrollo de la población en las partes menos civilizadas del mundo y en la antigüedad -- Sobre las limitaciones del desarrollo de la población en los diferentes estados de la Europa moderna -- De los diferentes sistemas o expedientes que se han propuesto o han prevalecido en la sociedad, en cuanto afectan a los males que provienen del principio de la población -- De nuestras futuras probabilidades de suprimir o aliviar los males que se derivan del principio de la población
520 3 _aLa obra de Thomas Robert Malthus (1766-1834) es una de las más comentadas y, a la vez, de las menos leídas. Sus teorías, hoy nuevamente tomadas en cuenta por quienes se interesan por el tema, son el motivo de interpretaciones relacionadas con la explosión demográfica -sumamente desmedida en algunas regiones- y los límite de la producción agrícola de nuestro planeta. Mientras la tierra produce en progresión aritmética, dice Malthus, en cambio la población crece en proporción geométrica. Esto significa que, tarde o temprano, el formidable crecimiento del número de habitantes de los diversos continentes superará peligrosamente las posibilidades productivas de la tierra. Así, el futuro no tan lejano de la humanidad tendrá que desembocar en una catástrofe si los científicos no aciertan a racionalizar oportunamente el desarrollo cada vez más acelerado de la población.
650 1 4 _aDemografia
_xensayos
_913616
650 2 4 _aCaracterísticas demográficas
_vensayos
_913617
650 2 4 _aAnálisis demográfico
_vensayos
_913618
650 2 4 _aPoblación
_vensayos
_913619
700 1 _aOrtíz, Teodoro,
_etraductor
_98929
942 _2ddc
_cBK
999 _c7231
_d7231